Feudatory states of Orissa / (Record no. 25750)
[ view plain ]
| 000 -LEADER | |
|---|---|
| fixed length control field | 01053cam a2200325 a 4500 |
| 001 - CONTROL NUMBER | |
| control field | 25750 |
| 003 - CONTROL NUMBER IDENTIFIER | |
| rucl marc code | BD-RjUL |
| 005 - DATE AND TIME OF LATEST TRANSACTION | |
| control field | 20211209050925.0 |
| 008 - FIXED-LENGTH DATA ELEMENTS--GENERAL INFORMATION | |
| fixed length control field | 140319r19821910ii 001 0 eng |
| 035 ## - SYSTEM CONTROL NUMBER | |
| System control number | (BD-RjUL)25820 |
| 040 ## - CATALOGING SOURCE | |
| Original cataloging agency | DLC |
| Transcribing agency | DLC |
| Modifying agency | DLC |
| -- | BD-RjUL |
| Language of cataloging | eng |
| 041 ## - LANGUAGE CODE | |
| Language code of text/sound track or separate title | eng |
| 082 00 - DEWEY DECIMAL CLASSIFICATION NUMBER | |
| Classification number | 954.13051 |
| Edition number | 19 |
| Author mark and year | COF 1982 |
| 100 2# - MAIN ENTRY--PERSONAL NAME | |
| Personal name | Cobden-Ramsay, L. E. B. |
| 9 (RLIN) | 79044 |
| 245 10 - TITLE STATEMENT | |
| Title | Feudatory states of Orissa / |
| Statement of responsibility, etc. | by L.E.B. Cobden-Ramsay. |
| 250 ## - EDITION STATEMENT | |
| Edition statement | 1st ed. |
| 260 ## - PUBLICATION, DISTRIBUTION, ETC. (IMPRINT) | |
| Place of publication, distribution, etc. | Calcutta : |
| Name of publisher, distributor, etc. | Firma KLM, |
| Date of publication, distribution, etc. | 1982. |
| 300 ## - PHYSICAL DESCRIPTION | |
| Pagination | xix, 381 p. ; |
| Size | 22 cm. |
| 500 ## - GENERAL NOTE | |
| General note | Running title: Orissa feudatory states. |
| General note | At head of title: Bengal gazetteers. |
| General note | Reprint. Originally published: Calcutta : Bengal Secretariat Book Depot, 1910. |
| 504 ## - BIBLIOGRAPHY, ETC. NOTE | |
| Bibliography, etc | Includes index. |
| 651 #0 - SUBJECT ADDED ENTRY--GEOGRAPHIC NAME | |
| Geographic name | Orissa (India) |
| General subdivision | Description and travel. |
| 9 (RLIN) | 79045 |
| Geographic name | Orissa (India) |
| General subdivision | History, Local. |
| 9 (RLIN) | 79046 |
| 942 ## - ADDED ENTRY ELEMENTS (KOHA) | |
| Source of classification or shelving scheme | Dewey Decimal Classification |
| Koha item type | Books |
| Lost status | Source of classification or shelving scheme | Damaged status | Not for loan | Collection code | Permanent Location | Current Location | Shelving location | Date acquired | Source of acquisition | Cost, normal purchase price | Total Checkouts | Full call number | Date last seen | Copy number | Koha item type |
|---|---|---|---|---|---|---|---|---|---|---|---|---|---|---|---|
| Dewey Decimal Classification | Non-fiction | Central Library, University of Rajshahi | Central Library, University of Rajshahi | 07/03/1998 | Aligrah Lib. Dhaka. | 110.00 | 954.13051 COF | 19/03/2014 | C-3 | Books | |||||
| Dewey Decimal Classification | Non-fiction | Central Library, University of Rajshahi | Central Library, University of Rajshahi | 27/07/1996 | Ankur,Prokashone Dhaka | 110.00 | 954.13051 COF 1982 | 19/03/2014 | C-2 | Books | |||||
| Dewey Decimal Classification | Not For Loan | Non-fiction | Central Library, University of Rajshahi | Central Library, University of Rajshahi | Reading Room | 27/07/1996 | Ankur Prakashani | 110.00 | 954.13051 COF 1982 | 09/02/2017 | C-1 | Books |